| 000 | 00496nam a2200169Ia 4500 | ||
|---|---|---|---|
| 005 | 20250508154008.0 | ||
| 008 | 008 250505s9999 xx 000 0 eng d | ||
| 037 | _aBooks to be hide in OPAC | ||
| 040 |
_aFEDL _beng _cFEDL |
||
| 041 |
_aeng _2eng |
||
| 084 |
_a650.3, GHA/O _qFEDL |
||
| 245 | 0 | _aHandbook of commerce and industry | |
| 260 |
_aGhana, Africa _bMinistry of Commerce and Industry _c1957 |
||
| 300 | _a100p. | ||
| 942 |
_cHB _h650.3, GHA/O |
||
| 999 |
_c1346891 _d1346891 |
||